Rzeki i potoki w gminie Ciężkowice - Statystyki

Ogólne statystyki
  • Ten quiz został rozwiązany 3 razy
  • Średni wynik to 7 z 16
Statystyki odpowiedzi
Miejscowości Rzeka/Potok % Poprawnych
Pławna, Zborowice, Ciężkowice,Bogoniowice, Tursko Biała
100%
Bruśnik Bruśnianka
67%
Jastrzębia, Kąśna Górna, Kąśna Dolna Kąśnianka
67%
Ostrusza, Ciężkowice Ostruszanka
67%
Zborowice Zborowianka
67%
Falkowa Brzanka
33%
Jastrzębia Brzozowianka
33%
Kipszna, Bogoniowice Kipsznianka
33%
Jastrzębia Olszowianka
33%
Bruśnik (na granicy gminy) Pławienka
33%
Kipszna, Kąśna Górna Rzeka z Przybyłowa
33%
Siekierczyna, Bruśnik, Siekierczyna, Kąśna Górna Siekierczanka
33%
Jastrzębia Słomianka
33%
Kipszna, Bogoniowice Szydłówka
33%
Bruśnik, Pławna Watek
33%
Kipszna, Bogoniowice Połomyjka
0%
Nie znaleziono quizów pasujących do podanych kryteriów
Rozkład punktacji
Procent ludzi z każdym wynikiem
Percentyl według liczby udzielonych odpowiedzi
Twoja historia wyników
Nie rozwiązałeś tego quizu